000 00520nam a22002057a 4500
001 21555
005 20260314102631.0
008 260314b |||||||| |||| 00| 0 spa d
041 _aESP
082 _a616.89
_bS26
100 _aSarason, Irwin G.
245 _aPsicopatología:
_bpsicología anormal el problema de la conducta inadaptada
260 _a :
_b ,
_c2006
300 _axxii, 676 páginas :
_b ;
_c27 cm.
440 _a ;
650 _aGEN
654 _aCPS
700 _a;
942 _cLIB
_dJUS
_fJUS
_2ddc
999 _c21555
_d21555